Estatísticas para Piramides de Palavras 3

Clique aqui para jogar o quiz

Estatísticas Gerais

  • Esse quiz foi jogado 91 vezes
  • A pontuação média é 11 de 27

Estatísticas das Respostas

HintLetterResposta% Correto
Símbolo químico do enxofre-S
91%
Senhor (abv.)RSR
89%
Símbolo químico do oxigénio-O
83%
-A
77%
17ª letra do alfabeto gregoRRO
55%
Verde, vermelho, amarelo, azul... mas só uma!CCOR
53%
Polar, pardo, panda, coala...OURSO
51%
Povo medieval que habitava a atual região da UcrâniaURUS
49%
Cadeira escolar sobre um certo temaCCURSO
47%
Cidade capital do EgitoICAIRO
45%
Maior membro da família dos golfinhosAORCA
45%
Forma de lava escoriáceaAAA
43%
Flanco, parte de um batalhãoLALA
42%
Recipiente de metalTLATA
38%
25 de DezembroNNATAL
38%
Parte da América correspondente aos países que falam espanhol e portuguêsILATINA
36%
Passou com um lápis para eliminarIRISCOU
32%
Aquele que deseja saber, interessanteOCURIOSO
30%
Reproduzir, transcrever, imitarPCOPIAR
28%
Entidade da mitologia tupi, cujo nome significa 'habitante do mato'ACAIPORA
19%
Desporto afro-brasileiro que mistura arte marcial, dança e músicaECAPOEIRA
19%
Relativo aos mouros OU Variedade de linho egipcioMMOURISCO
19%
Aquilo que viola os morais e bons costumesPPROMISCUO
11%
Cerimónia de entrega de prémiosMPREMIACAO
8%
Aquela que nasceu em ItáliaAITALIANA
6%
Ladainha, oraçãoILITANIA
4%
SiãoDTAILANDIA
4%

Distribuição das Pontuações

Percentil de Números Respondidos

Porcentagem de Pessoas com Cada Pontuação

Sua Pontuação Histórica

Você não jogou esse quiz